Truyện cổ dân tộc Khơ Mú ở tỉnh Điện Biên

Wedi'i Gadw mewn:
Manylion Llyfryddiaeth
Prif Awdur: Lương, Thị Đại
Fformat: Llyfr
Iaith:Undetermined
Cyhoeddwyd: Hà Nội Thời đại 2013
Pynciau:
Tagiau: Ychwanegu Tag
Dim Tagiau, Byddwch y cyntaf i dagio'r cofnod hwn!
Thư viện lưu trữ: Trung tâm Học liệu Trường Đại học Cần Thơ
LEADER 00561nam a2200181Ia 4500
001 CTU_189179
008 210402s9999 xx 000 0 und d
082 |a 398.209597 
082 |b Đ103 
100 |a Lương, Thị Đại 
245 0 |a Truyện cổ dân tộc Khơ Mú ở tỉnh Điện Biên 
245 0 |c Lương Thị Đại 
260 |a Hà Nội 
260 |b Thời đại 
260 |c 2013 
650 |a Folk literature,Văn học dân gian 
904 |i Giang 
980 |a Trung tâm Học liệu Trường Đại học Cần Thơ